| 000 | 01650cam a22004095a 4500 | ||
|---|---|---|---|
| 001 | 13706299 | ||
| 003 | EG-ScBUE | ||
| 005 | 20220321133657.0 | ||
| 008 | 040831t2005 nyu f b 000 0 eng d | ||
| 020 | _a0393924653 (pbk.) | ||
| 020 | _a9780393924657 | ||
| 040 |
_aDLC _beng _erda _cDLC _dDLC _dEG-ScBUE |
||
| 041 | 1 |
_aeng _hrus |
|
| 082 | 0 | 4 |
_a891.723 _222 _bCHE |
| 100 | 1 |
_aChekhov, Anton Pavlovich, _d1860-1904, _eauthor. _938072 |
|
| 240 | 1 | 0 |
_aPlays. _kSelections. _lEnglish |
| 245 | 1 | 0 |
_aAnton Chekhov's selected plays / _ctranslated and edited by Laurence Senelick, Tufts University. |
| 250 | _aFirst edition. | ||
| 264 | 1 |
_aNew York : _bW.W. Norton & Company, Inc., _c[2005] |
|
| 264 | 4 | _cc2005 | |
| 300 |
_axl, 674 pages ; _c22 cm. |
||
| 336 |
_2rdacontent _atext _btxt |
||
| 337 |
_2rdamedia _aunmediated _bn |
||
| 338 |
_2rdacarrier _avolume _bnc |
||
| 490 | 0 | _aNorton critical edition | |
| 504 | _aIncludes bibliographical references. | ||
| 505 | 0 | _aThe bear -- Ivanov -- The wedding -- The celebration -- The seagull -- Uncle Vanya -- Three sisters -- The cherry orchard -- Variants and letters -- Criticism -- Directors on Chekhov. | |
| 546 | _aText in English ; translated from the original Russian. | ||
| 600 | 1 | 7 |
_aChekhov, Anton Pavlovich, _d1860-1904 _vTranslations into English. _2BUEsh _929788 |
| 600 | 1 | 7 |
_aChekhov, Anton Pavlovich, _d1860-1904 _xCriticism and interpretation. _2BUEsh _938072 |
| 650 | 7 |
_aRussian drama _vTranslations into English. _2BUEsh |
|
| 651 | _2BUEsh | ||
| 653 |
_cMay2015 _bGGEN |
||
| 655 |
_vReading book _934232 |
||
| 700 | 1 |
_aSenelick, Laurence, _etranslator. |
|
| 942 |
_2ddc _k891.723 CHE _cBB |
||
| 999 |
_c19421 _d19393 |
||